Statistics for Harry Potter and the Philosopher's Stone Characters

Click here to take the quiz!

General Stats

  • This quiz has been taken 11 times
  • The average score is 14 of 18

Answer Stats

HintAnswer% Correct
Richard HarrisAlbus Dumbledore
100%
Tom FeltonDraco Malfoy
100%
Daniel RadcliffeHarry Potter
100%
Emma WatsonHermione Granger
100%
Maggie SmithMinerva McGonagall
100%
Rupert GrintRon Weasley
100%
Alan RickmanSeverus Snape
100%
Oliver & James PhelpsFred and George Weasley
90%
Bonnie WrightGinny Weasley
90%
Robbie ColtraneRubeus Hagrid
90%
Warwick DavisFilius Flitwick
80%
Alfie EnochDean Thomas
60%
Harry MellingDudley Dursley
60%
Matt LewisNeville Longbottom
60%
Fiona ShawPetunia Dursley
60%
Richard GriffithsVernon Dursley
60%
Ian HartQuirinus Quirrell
50%
Devan MurraySeamus Finnigan
40%

Score Distribution

Percentile by Number Answered

Percent of People with Each Score

Your Score History

You have not taken this quiz